00379cam a22001097a 4500008004000000082001600040100001900056245011900075260004300194300001000237650002200247180718b1988 xxu||||| |||| 00| 0 eng d aO91x54 G699 aGoswami, Delep aHandbook on pollution control by industries and government bodies - with Supreme Court decisionscby Delep Goswami aDelhibEmconomic Business Reviewc1988 a372p. aPollution - India